Arid and Semi-Arid environment (Record no. 1429)

MARC details
000 -LEADER
fixed length control field 00552nam a22002057a 4500
005 - DATE AND TIME OF LATEST TRANSACTION
control field 20241126111432.0
008 - FIXED-LENGTH DATA ELEMENTS--GENERAL INFORMATION
fixed length control field 241126b |||||||| |||| 00| 0 eng d
020 ## - INTERNATIONAL STANDARD BOOK NUMBER
International Standard Book Number 9780340800324
040 ## - CATALOGING SOURCE
Original cataloging agency KMU
Transcribing agency KMU
Modifying agency KMU
Description conventions RDA
050 ## - LIBRARY OF CONGRESS CALL NUMBER
Classification number QH 541.5
100 ## - MAIN ENTRY--PERSONAL NAME
Personal name Hilll, Michael
245 ## - TITLE STATEMENT
Title Arid and Semi-Arid environment
Remainder of title /
Statement of responsibility, etc. Michael Hill
260 ## - PUBLICATION, DISTRIBUTION, ETC.
Place of publication, distribution, etc. London:
Date of publication, distribution, etc. 2002.
300 ## - PHYSICAL DESCRIPTION
Extent 154 P.:
Other physical details ill.;
Dimensions 17c,
500 ## - GENERAL NOTE
General note Include bibliography and index
650 ## - SUBJECT ADDED ENTRY--TOPICAL TERM
Topical term or geographic name entry element Geography
650 ## - SUBJECT ADDED ENTRY--TOPICAL TERM
Topical term or geographic name entry element Environments
650 ## - SUBJECT ADDED ENTRY--TOPICAL TERM
Topical term or geographic name entry element Arid and Semi-Arid
942 ## - ADDED ENTRY ELEMENTS (KOHA)
Source of classification or shelving scheme Library of Congress Classification
Koha item type Non-Fiction
Suppress in OPAC No
Holdings
Withdrawn status Lost status Source of classification or shelving scheme Damaged status Not for loan Collection Home library Current library Shelving location Date acquired Total Checkouts Full call number Barcode Date last seen Price effective from Koha item type
    Library of Congress Classification     Non-fiction Kapasa Makasa University Kapasa Makasa University Open Access 26.11.2024   QH 541.5 Hil 747267 26.11.2024 26.11.2024 Non-Fiction